Kosten- und Leistungsrechnung
Na minha lista:
| Autor principal: | |
|---|---|
| Outros Autores: | |
| Formato: | Livro |
| Idioma: | alemão |
| Publicado em: |
Düsseldorf
Werner
1990
|
| Edição: | 5. unveränd. Aufl. |
| Tags: |
Sem tags, seja o primeiro a adicionar uma tag!
|
MARC
| LEADER | 00000nam a2200000 4500 | ||
|---|---|---|---|
| 001 | c038104 | ||
| 005 | 20250519122110.5 | ||
| 041 | 0 | |a ger | |
| 044 | |a DE | ||
| 245 | 1 | 0 | |a Kosten- und Leistungsrechnung |c Josef Kloock, Günter Sieben |
| 250 | |a 5. unveränd. Aufl. | ||
| 264 | 1 | |a Düsseldorf |b Werner |c 1990 | |
| 300 | |a 277 s. | ||
| 100 | 1 | |a Kloock, Josef | |
| 700 | 1 | |a Sieben, Günter | |